Biggest European Cities that end in H with a Map - Statistics

General Stats
  • This quiz has been taken 162 times
  • The average score is 11 of 22
Answers on the Map
Answers color-coded by a green-red scale on the quiz's map according to % correct below.
 
Answer Stats
Population City % Correct
1,484,226 Munich
99%
504,020 Edinburgh
98%
421,712 Zürich
96%
239,677 Plymouth
82%
248,929 Portsmouth
74%
197,212 Norwich
72%
1,050,602 Voronezh
68%
197,383 Bournemouth
58%
148,742 Ipswich
57%
177,354 Middlesbrough
53%
103,614 Bath
50%
261,034 Mönchengladbach
41%
178,805 Peterborough
36%
619,278 Kryvyi Rih
29%
151,996 Kerch
28%
155,490 's-Hertogenbosch
26%
164,770 Slough
26%
128,223 Fürth
25%
130,892 Offenbach
23%
111,636 Bergisch Gladbach
21%
100,664 Gütersloh
14%
109,971 Wałbrzych
13%
No matching quizzes found
Score Distribution
Percent of People with Each Score
Percentile by Number Answered
Your Score History
You have not taken this quiz